Úloha miRNA v rozvoji rezistencie na hypometylačné látky

Saved in:
Bibliographic Details
Main Author: Serhiienko, Sofiia (Author)
Other Authors: Messingerová, Lucia (Thesis advisor)
Format: Manuscript Book
Language:Slovak
Published: 2023
Subjects:
Online Access:http://is.stuba.sk/zp/portal_zp.pl?podrobnosti=166220
Tags: Add Tag
No Tags, Be the first to tag this record!

MARC

LEADER 00000ntm a22000003a 4500
001 stuzp93415
003 SK-STU
005 20230909214955.1
007 ta
008 150427s2015----xo-----f-mn---000-0-slo-d
040 |a STU  |b slo 
041 0 |a slo 
100 1 |a Serhiienko, Sofiia  |u 043000  |4 aut  |U FCHPT Fakulta chemickej a potravinárskej technológie  |T FCHPT Ústav biochémie a mikrobiológie  |X 112832  |U C3000  |Y 101  |7 112832 
242 0 1 |a The role of miRNAs in the development of resistance to hypomethylating agents  |y eng 
245 1 0 |a Úloha miRNA v rozvoji rezistencie na hypometylačné látky 
260 |c 2023 
650 4 |a mikroRNA  |2 slo 
650 4 |a chemorezistencia  |2 slo 
650 4 |a 5-aza-2'-deoxycytidín  |2 slo 
650 4 |a 5-azacytidín  |2 slo 
650 4 |a akútna myeloidná leukémia  |2 slo 
650 4 |a microRNA  |2 eng 
650 4 |a chemoresistance  |2 eng 
650 4 |a 5-aza-2'-deoxycytidine  |2 eng 
650 4 |a 5-azacytidine  |2 eng 
650 4 |a acute myeloid leukemia  |2 eng 
700 1 |a Messingerová, Lucia  |u 043000  |k Z2  |4 ths  |U FCHPT Fakulta chemickej a potravinárskej technológie  |T FCHPT Ústav biochémie a mikrobiológie  |X 8245  |U C3000  |Y 101  |7 8245 
856 4 |u http://is.stuba.sk/zp/portal_zp.pl?podrobnosti=166220